[Event "Scarborough CC-ch reserves op"]
[Site "Toronto CAN"]
[Date "2009.04.02"]
[Round "6"]
[White "Bao, Stephen"]
[Black "Farrant, David"]
[Result "1-0"]
[WhiteElo "1222"]
[BlackElo "1498"]
[PlyCount "71"]
[GameId "2160767910260576"]
[EventDate "2009.02.26"]
[EventType "swiss"]
[EventRounds "9"]
[EventCountry "CAN"]
[SourceTitle "EXT 2011"]
[Source "ChessBase"]
[SourceDate "2011.11.26"]
[SourceVersion "1"]
[SourceVersionDate "2011.11.26"]
[SourceQuality "1"]

1. e4 c5 2. Nf3 e6 3. c3 Nf6 4. e5 Nd5 5. g3 Nc6 6. Bg2 Be7 7. O-O O-O 8. d4 cxd4 9. cxd4 b6 10. Nc3 Nxc3 11. bxc3 Bb7 12. Bd2 Qc7 13. Qe2 Na5 14. Rfc1 Nc4 15. Be1 d6 16. h4 Qc6 17. Qf1 Qc7 18. exd6 Bxd6 19. Nd2 Bxg2 20. Qxg2 Rac8 21. Nxc4 Qxc4 22. Bd2 Ba3 23. Rd1 Rc6 24. g4 Rfc8 25. Qe4 Bb2 26. Rab1 Qxa2 27. Qc2 Rxc3 28. Bxc3 Rxc3 29. Qxb2 Qc4 30. Qb5 Qc8 31. Rb3 Rc2 32. Rf3 f6 33. Re1 e5 34. Qd5+ Kh8 35. Qf7 Qxg4+ 36. Rg3 1-0

[Event "Scarborough CC-ch reserves op"]
[Site "Toronto CAN"]
[Date "2009.04.02"]
[Round "6"]
[White "Beal, Greg"]
[Black "Rutherdale, William"]
[Result "1-0"]
[WhiteElo "1822"]
[BlackElo "1752"]
[PlyCount "53"]
[GameId "2160767910260577"]
[EventDate "2009.02.26"]
[EventType "swiss"]
[EventRounds "9"]
[EventCountry "CAN"]
[SourceTitle "EXT 2011"]
[Source "ChessBase"]
[SourceDate "2011.11.26"]
[SourceVersion "1"]
[SourceVersionDate "2011.11.26"]
[SourceQuality "1"]

1. e4 e5 2. Nf3 Nc6 3. Bc4 Bc5 4. c3 Nf6 5. d4 exd4 6. cxd4 Bb4+ 7. Nc3 Nxe4 8. O-O Bxc3 9. d5 Ne5 10. bxc3 Nxc4 11. Qd4 O-O 12. Qxe4 Nd6 13. Qd3 b5 14. Bg5 f6 15. Bf4 Nc4 16. d6 c6 17. Rfe1 Bb7 18. Nd4 Re8 19. Nf5 g6 20. Ne7+ Kg7 21. Qh3 Rh8 22. Qh6+ Kf7 23. Re2 c5 24. Rae1 Qb6 25. Nf5 gxf5 26. Re7+ Kg8 27. Qg7# 1-0

[Event "Scarborough CC-ch reserves op"]
[Site "Toronto CAN"]
[Date "2009.04.02"]
[Round "6"]
[White "Bellomo, Joe"]
[Black "Moran-Venegas, Mario"]
[Result "0-1"]
[WhiteElo "1844"]
[BlackElo "1766"]
[PlyCount "90"]
[GameId "2160767910260578"]
[EventDate "2009.02.26"]
[EventType "swiss"]
[EventRounds "9"]
[EventCountry "CAN"]
[SourceTitle "EXT 2011"]
[Source "ChessBase"]
[SourceDate "2011.11.26"]
[SourceVersion "1"]
[SourceVersionDate "2011.11.26"]
[SourceQuality "1"]

1. e4 c5 2. Nf3 d6 3. d4 cxd4 4. Nxd4 Nf6 5. Nc3 a6 6. Bc4 e6 7. Bb3 Nbd7 8. O-O Nc5 9. Re1 Nxb3 10. axb3 e5 11. Nf3 Be7 12. Qe2 O-O 13. Rd1 h6 14. Nxe5 Be6 15. Nf3 Qc7 16. Nd5 Nxd5 17. exd5 Bg4 18. c4 Bf6 19. Qd3 Rae8 20. Ra2 Re7 21. Bd2 Rfe8 22. h3 Bh5 23. Bc3 Bxc3 24. bxc3 Bxf3 25. Qxf3 Re1+ 26. Rxe1 Rxe1+ 27. Kh2 Qe7 28. Rc2 Qe5+ 29. Qg3 Qe4 30. Rd2 Qb1 31. Qd3 Qxb3 32. Qd4 Qb1 33. Rd3 a5 34. Rf3 Rh1+ 35. Kg3 Qg6+ 36. Qg4 a4 37. Qxg6 fxg6 38. Rd3 a3 39. c5 a2 40. cxd6 a1=Q 41. d7 Qa5 42. f4 Qc7 43. c4 Qxd7 44. c5 Qf5 45. Rd2 Rf1 0-1

[Event "Scarborough CC-ch reserves op"]
[Site "Toronto CAN"]
[Date "2009.04.02"]
[Round "6"]
[White "Morra, Lui"]
[Black "Radpey, Abdolreza"]
[Result "0-1"]
[WhiteElo "1641"]
[BlackElo "1609"]
[PlyCount "56"]
[GameId "2160767910260579"]
[EventDate "2009.02.26"]
[EventType "swiss"]
[EventRounds "9"]
[EventCountry "CAN"]
[SourceTitle "EXT 2011"]
[Source "ChessBase"]
[SourceDate "2011.11.26"]
[SourceVersion "1"]
[SourceVersionDate "2011.11.26"]
[SourceQuality "1"]

1. e4 c5 2. Nf3 Nc6 3. d4 cxd4 4. Nxd4 e5 5. Nb5 d6 6. N1c3 a6 7. Na3 Nf6 8. Bg5 Be7 9. Nc4 b5 10. Bxf6 gxf6 11. Ne3 h5 12. Be2 h4 13. Bg4 Be6 14. Bxe6 fxe6 15. Qg4 Kd7 16. O-O-O Qa5 17. Kb1 Rag8 18. Qh3 Nd4 19. Rd2 b4 20. Ne2 b3 21. Nc3 bxa2+ 22. Ka1 Rc8 23. Rhd1 Rxc3 24. bxc3 Qxc3+ 25. Kxa2 Rb8 26. Nc4 Qxc4+ 27. Ka3 Qb4+ 28. Ka2 Qb2# 0-1

[Event "Scarborough CC-ch reserves op"]
[Site "Toronto CAN"]
[Date "2009.04.02"]
[Round "6"]
[White "Zhou, Kevin"]
[Black "Armstrong, Robert J"]
[Result "1-0"]
[WhiteElo "1622"]
[BlackElo "1827"]
[PlyCount "89"]
[GameId "2160767910260580"]
[EventDate "2009.02.26"]
[EventType "swiss"]
[EventRounds "9"]
[EventCountry "CAN"]
[SourceTitle "EXT 2011"]
[Source "ChessBase"]
[SourceDate "2011.11.26"]
[SourceVersion "1"]
[SourceVersionDate "2011.11.26"]
[SourceQuality "1"]

1. e4 g6 2. d4 Bg7 3. c4 d6 4. Nc3 Nf6 5. Nf3 O-O 6. Be2 Nc6 7. d5 Nb4 8. a3 Na6 9. Qc2 c6 10. Rb1 cxd5 11. cxd5 Bd7 12. O-O Rc8 13. Be3 Nc5 14. Bxc5 Rxc5 15. Qd3 a6 16. Nd2 b5 17. b4 Rc7 18. Rfc1 Qb8 19. Nd1 Rfc8 20. Nb3 Bh6 21. Ne3 Qb6 22. Rxc7 Rxc7 23. Rc1 Rxc1+ 24. Nxc1 Qc7 25. Nb3 Bxe3 26. Qxe3 e6 27. dxe6 Bxe6 28. Nd4 Bc4 29. Bf3 a5 30. Qc3 axb4 31. axb4 Qe7 32. Nc6 Qe6 33. Qe3 Nd7 34. h3 Ne5 35. Nd4 Qf6 36. Be2 Kg7 37. Nxb5 Bxe2 38. Qxe2 Nc6 39. Qc4 Qa1+ 40. Kh2 Ne5 41. Qd4 Qxd4 42. Nxd4 Nc4 43. Kg3 Kf6 44. Nc6 Ke6 45. Kf4 1-0

[Event "Scarborough CC-ch reserves op"]
[Site "Toronto CAN"]
[Date "2009.04.09"]
[Round "7"]
[White "Armstrong, Robert J"]
[Black "Jizan, Masoud"]
[Result "1-0"]
[WhiteElo "1827"]
[BlackElo "1636"]
[PlyCount "75"]
[GameId "2160767910260581"]
[EventDate "2009.02.26"]
[EventType "swiss"]
[EventRounds "9"]
[EventCountry "CAN"]
[SourceTitle "EXT 2011"]
[Source "ChessBase"]
[SourceDate "2011.11.26"]
[SourceVersion "1"]
[SourceVersionDate "2011.11.26"]
[SourceQuality "1"]

1. d4 Nf6 2. c4 d6 3. Nc3 Nc6 4. e4 e5 5. d5 Ne7 6. f3 c6 7. Be3 g6 8. g4 Bg7 9. Nge2 h5 10. gxh5 Nxh5 11. Bg2 Ng8 12. Qd2 Bh6 13. O-O-O c5 14. f4 f6 15. Rhf1 Bg4 16. fxe5 fxe5 17. h3 Bd7 18. Rf2 Qe7 19. Nb5 Bxb5 20. cxb5 b6 21. Rdf1 Bxe3 22. Qxe3 Nh6 23. Bf3 Qh4 24. Bg4 Qe7 25. Be6 g5 26. Qf3 Nf4 27. Nxf4 gxf4 28. Qh5+ Kd8 29. Rg1 Kc7 30. Rfg2 Rh7 31. Rg6 Ng8 32. Qxh7 Qxh7 33. Rg7+ Qxg7 34. Rxg7+ Kb8 35. Rxg8+ Kb7 36. Rxa8 Kxa8 37. h4 a6 38. a4 1-0

[Event "Scarborough CC-ch reserves op"]
[Site "Toronto CAN"]
[Date "2009.04.09"]
[Round "7"]
[White "Derraugh, Geordie"]
[Black "Ferreira, Alex"]
[Result "1-0"]
[WhiteElo "2062"]
[BlackElo "2062"]
[PlyCount "87"]
[GameId "2160767910260582"]
[EventDate "2009.02.26"]
[EventType "swiss"]
[EventRounds "9"]
[EventCountry "CAN"]
[SourceTitle "EXT 2011"]
[Source "ChessBase"]
[SourceDate "2011.11.26"]
[SourceVersion "1"]
[SourceVersionDate "2011.11.26"]
[SourceQuality "1"]

1. Nf3 d5 2. g3 c5 3. Bg2 Nc6 4. O-O e5 5. d3 Nf6 6. Nbd2 Be7 7. e4 O-O 8. c3 Bg4 9. Re1 dxe4 10. dxe4 Qd7 11. Qe2 Rfd8 12. Nc4 Bxf3 13. Qxf3 b5 14. Ne3 Bf8 15. Nd5 Nxd5 16. exd5 Ne7 17. Rxe5 f6 18. Re1 Ng6 19. Rd1 Ne5 20. Qh5 c4 21. Bh3 Qb7 22. Be6+ Kh8 23. Be3 g6 24. Qe2 Nd3 25. Bd4 Kg7 26. b4 Bd6 27. f4 Re8 28. Rf1 a5 29. a3 Rad8 30. Qg4 Re7 31. h4 h5 32. Bxf6+ Kxf6 33. Qg5+ Kg7 34. f5 Rxe6 35. dxe6 Qb6+ 36. Kh2 Ne5 37. f6+ Kh7 38. e7 Bxe7 39. fxe7 Ng4+ 40. Kh3 Qe6 41. exd8=Q Ne3+ 42. Kh2 Nxf1+ 43. Rxf1 Qe2+ 44. Kg1 1-0

[Event "Scarborough CC-ch reserves op"]
[Site "Toronto CAN"]
[Date "2009.04.09"]
[Round "7"]
[White "Mesiti, Silvano"]
[Black "Karpik, Steve"]
[Result "1/2-1/2"]
[WhiteElo "1690"]
[BlackElo "1498"]
[PlyCount "104"]
[GameId "2160767910260583"]
[EventDate "2009.02.26"]
[EventType "swiss"]
[EventRounds "9"]
[EventCountry "CAN"]
[SourceTitle "EXT 2011"]
[Source "ChessBase"]
[SourceDate "2011.11.26"]
[SourceVersion "1"]
[SourceVersionDate "2011.11.26"]
[SourceQuality "1"]

1. e4 d6 2. Nf3 Nf6 3. Nc3 g6 4. d4 Bg7 5. Bc4 O-O 6. O-O Nxe4 7. Nxe4 d5 8. Bd3 dxe4 9. Bxe4 c6 10. c3 Nd7 11. Bg5 Nf6 12. Bd3 Qa5 13. Qd2 Be6 14. Rfe1 Rfe8 15. Re5 Qc7 16. Ree1 Rad8 17. Bf4 Qb6 18. Ng5 Bc8 19. Be5 Bh6 20. Bf4 Nd5 21. g3 Nxf4 22. gxf4 Bxg5 23. fxg5 c5 24. dxc5 Qxc5 25. Qe3 Rd5 26. Qxc5 Rxc5 27. h4 Bf5 28. Bxf5 Rxf5 29. Re4 e6 30. Rd1 Rb5 31. Rd2 Rc8 32. Red4 Kf8 33. Kg2 Ke8 34. Kg3 Ke7 35. Rd7+ Ke8 36. R7d4 Ke7 37. f4 a6 38. Kf3 Ke8 39. Ke4 Ke7 40. Rd7+ Ke8 41. R7d4 Ke7 42. a3 Ke8 43. Rb4 Rcc5 44. Rbd4 Rc8 45. Rd7 Rc4+ 46. R7d4 Rc8 47. Rb4 Rcc5 48. Rbd4 Rc8 49. Rd6 Rc4+ 50. R6d4 Rc8 51. Rd6 Ke7 52. Rd7+ Ke8 1/2-1/2

[Event "Scarborough CC-ch reserves op"]
[Site "Toronto CAN"]
[Date "2009.04.09"]
[Round "7"]
[White "Paterson, Jim"]
[Black "Beal, Greg"]
[Result "1-0"]
[WhiteElo "1802"]
[BlackElo "1827"]
[PlyCount "69"]
[GameId "2160767910260584"]
[EventDate "2009.02.26"]
[EventType "swiss"]
[EventRounds "9"]
[EventCountry "CAN"]
[SourceTitle "EXT 2011"]
[Source "ChessBase"]
[SourceDate "2011.11.26"]
[SourceVersion "1"]
[SourceVersionDate "2011.11.26"]
[SourceQuality "1"]

1. e3 d5 2. Nf3 Nf6 3. c4 e6 4. Nc3 Be7 5. d4 c6 6. Bd3 dxc4 7. Bxc4 b5 8. Bd3 Bb7 9. O-O O-O 10. Qc2 Nbd7 11. a3 a6 12. e4 h6 13. e5 Nd5 14. Nxd5 cxd5 15. Be3 Nb6 16. b3 Nd7 17. Qd2 Re8 18. h3 Bf8 19. Nh2 f5 20. f4 Qb6 21. g4 g6 22. Rf2 Rac8 23. Rg2 Kh8 24. Nf3 Be7 25. Kh2 Qc6 26. gxf5 gxf5 27. Rg6 Qc3 28. Qg2 Bg5 29. Nxg5 hxg5 30. Qxg5 Qb2+ 31. Kg3 Qh2+ 32. Kxh2 Re7 33. Qxe7 Rc2+ 34. Bxc2 b4 35. Qg7# 1-0

[Event "Scarborough CC-ch reserves op"]
[Site "Toronto CAN"]
[Date "2009.04.16"]
[Round "8"]
[White "Arfin, Sam"]
[Black "Armstrong, Robert J"]
[Result "1-0"]
[WhiteElo "1893"]
[BlackElo "1827"]
[PlyCount "69"]
[GameId "2160767910260585"]
[EventDate "2009.02.26"]
[EventType "swiss"]
[EventRounds "9"]
[EventCountry "CAN"]
[SourceTitle "EXT 2011"]
[Source "ChessBase"]
[SourceDate "2011.11.26"]
[SourceVersion "1"]
[SourceVersionDate "2011.11.26"]
[SourceQuality "1"]

1. e4 g6 2. d4 Bg7 3. Nf3 d6 4. h3 Nf6 5. Nc3 O-O 6. Bc4 Nxe4 7. Bxf7+ Rxf7 8. Nxe4 Nc6 9. c3 Kh8 10. Bg5 Qf8 11. Qe2 e5 12. d5 Ne7 13. O-O-O Nxd5 14. Rxd5 Be6 15. Ra5 b6 16. Ra3 d5 17. Ned2 e4 18. Bh4 exf3 19. Qxe6 fxg2 20. Rg1 d4 21. c4 Re8 22. Qc6 Bh6 23. Rxg2 Re2 24. f4 Rxg2 25. Qxg2 Rxf4 26. Bg5 Bxg5 27. Qxg5 Rf5 28. Qg3 Qe7 29. Rf3 Rc5 30. Qf2 Kg8 31. Rf4 d3 32. Rf3 Rf5 33. Rxf5 gxf5 34. Qg3+ Kh8 35. Qxd3 1-0

[Event "Scarborough CC-ch reserves op"]
[Site "Toronto CAN"]
[Date "2009.04.16"]
[Round "8"]
[White "Moran-Venegas, Mario"]
[Black "Maister, Martin"]
[Result "1-0"]
[WhiteElo "1766"]
[BlackElo "1730"]
[PlyCount "27"]
[GameId "2160767910260586"]
[EventDate "2009.02.26"]
[EventType "swiss"]
[EventRounds "9"]
[EventCountry "CAN"]
[SourceTitle "EXT 2011"]
[Source "ChessBase"]
[SourceDate "2011.11.26"]
[SourceVersion "1"]
[SourceVersionDate "2011.11.26"]
[SourceQuality "1"]

1. e4 c5 2. Nf3 d6 3. d4 cxd4 4. Nxd4 Nf6 5. Nc3 a6 6. Bg5 e6 7. f4 Be7 8. Qf3 Qc7 9. O-O-O h6 10. Bh4 Nxe4 11. Qxe4 Bxh4 12. Nf5 d5 13. Nxd5 Qa5 14. Nxh4 1-0

[Event "Scarborough CC-ch reserves op"]
[Site "Toronto CAN"]
[Date "2009.04.16"]
[Round "8"]
[White "Sherman, Joshua"]
[Black "Ferreira, Alex"]
[Result "0-1"]
[WhiteElo "1870"]
[BlackElo "2062"]
[PlyCount "100"]
[GameId "2160767910260587"]
[EventDate "2009.02.26"]
[EventType "swiss"]
[EventRounds "9"]
[EventCountry "CAN"]
[SourceTitle "EXT 2011"]
[Source "ChessBase"]
[SourceDate "2011.11.26"]
[SourceVersion "1"]
[SourceVersionDate "2011.11.26"]
[SourceQuality "1"]

1. e4 d5 2. exd5 Nf6 3. d4 Nxd5 4. c4 Nb6 5. Nf3 g6 6. Nc3 Bg7 7. Be2 O-O 8. Bf4 Re8 9. O-O Bg4 10. h3 Bxf3 11. Bxf3 c6 12. d5 Nxc4 13. Qb3 Na5 14. Qa3 cxd5 15. Nxd5 e5 16. Rfe1 Nbc6 17. Bg3 Nd4 18. Rac1 Nxf3+ 19. Qxf3 Nc6 20. Nc3 Qd7 21. Ne4 Qe6 22. b3 Nd4 23. Qd3 Rad8 24. Nc5 Qd5 25. Red1 b6 26. Ne4 f5 27. Nc3 Qf7 28. f3 Bf6 29. Ne2 Ne6 30. Qc2 Nc5 31. Rxd8 Rxd8 32. Rd1 Rxd1+ 33. Qxd1 Qd7 34. Qxd7 Nxd7 35. Nc3 Kf7 36. Nd5 Bd8 37. b4 Ke6 38. Nc3 Be7 39. b5 Bb4 40. Ne2 Nc5 41. Bh4 Nd3 42. g4 Bc5+ 43. Kg2 Be3 44. Bd8 Ne1+ 45. Kf1 Nxf3 46. Bc7 Ng5 47. gxf5+ gxf5 48. Kg2 f4 49. h4 f3+ 50. Kf1 Ne4 0-1

[Event "Scarborough CC-ch reserves op"]
[Site "Toronto CAN"]
[Date "2009.04.23"]
[Round "9"]
[White "Brammall, Stuart"]
[Black "Wilker, Marcus"]
[Result "0-1"]
[WhiteElo "1680"]
[BlackElo "1750"]
[PlyCount "120"]
[GameId "2160767910260588"]
[EventDate "2009.02.26"]
[EventType "swiss"]
[EventRounds "9"]
[EventCountry "CAN"]
[SourceTitle "EXT 2011"]
[Source "ChessBase"]
[SourceDate "2011.11.26"]
[SourceVersion "1"]
[SourceVersionDate "2011.11.26"]
[SourceQuality "1"]

1. e4 c6 2. d3 d5 3. Nd2 dxe4 4. dxe4 Nf6 5. Ngf3 Bg4 6. h3 Bh5 7. Bd3 e6 8. Qe2 Bc5 9. O-O Qc7 10. Re1 Nbd7 11. e5 Nd5 12. Ne4 Bxf3 13. Qxf3 Nxe5 14. Qg3 Nxd3 15. Qxd3 Be7 16. Qf3 Qe5 17. c4 Nb6 18. Bf4 Qd4 19. c5 Nd5 20. Red1 Qb4 21. a3 Qa5 22. b4 Qd8 23. Qg3 O-O 24. Be5 f6 25. Bb2 Qb8 26. Qg4 Qc8 27. f4 Ne3 28. Qe2 Nxd1 29. Rxd1 Qc7 30. Qc4 Rad8 31. Qxe6+ Kh8 32. Re1 Qd7 33. Ng5 Qxe6 34. Nxe6 Rfe8 35. Nxd8 Bxc5+ 36. bxc5 Rxe1+ 37. Kf2 Rd1 38. Bxf6 gxf6 39. Nxb7 Rd2+ 40. Kf1 Ra2 41. Na5 Rxa3 42. Nxc6 a5 43. Ke2 a4 44. Kd2 Rg3 45. Ne7 a3 46. Kc2 Rxg2+ 47. Kb1 a2+ 48. Ka1 Kg7 49. c6 Rc2 50. Nf5+ Kf7 51. Nd4 Rc4 52. Nb5 Ke7 53. c7 Kd7 54. Kxa2 Rxc7 55. Nxc7 Kxc7 56. Kb2 Kd6 57. Kc3 Kd5 58. Kd3 f5 59. h4 h5 60. Ke3 Kc4 0-1

[Event "Scarborough CC-ch reserves op"]
[Site "Toronto CAN"]
[Date "2009.04.23"]
[Round "9"]
[White "Ferreira, Alex"]
[Black "Peng, Bill"]
[Result "0-1"]
[WhiteElo "2062"]
[BlackElo "1734"]
[PlyCount "77"]
[GameId "2160767910260589"]
[EventDate "2009.02.26"]
[EventType "swiss"]
[EventRounds "9"]
[EventCountry "CAN"]
[SourceTitle "EXT 2011"]
[Source "ChessBase"]
[SourceDate "2011.11.26"]
[SourceVersion "1"]
[SourceVersionDate "2011.11.26"]
[SourceQuality "1"]

1. Nc3 d5 2. e4 dxe4 3. Nxe4 Nc6 4. Nf3 Nf6 5. Nxf6+ exf6 6. d4 Bg4 7. c3 Bd6 8. Bb5 O-O 9. Be3 Ne7 10. h3 Bh5 11. Qc2 Bg6 12. Bd3 Qd7 13. Bxg6 Nxg6 14. O-O Rfe8 15. Nd2 f5 16. Nc4 f4 17. Nxd6 Qxd6 18. Bd2 f3 19. g3 Re2 20. Rae1 Rae8 21. Qd3 Qd5 22. c4 Ne5 23. Qxe2 fxe2 24. cxd5 Nf3+ 25. Kg2 exf1=Q+ 26. Rxf1 Nxd2 27. Rc1 c6 28. dxc6 bxc6 29. Rxc6 g6 30. Rc7 a6 31. Rc6 Re6 32. Rc2 Ne4 33. Kf3 Ng5+ 34. Kg2 Rd6 35. Rc5 Ne6 36. Rc8+ Kg7 37. d5 Rxd5 38. Rc6 Ra5 39. a3 0-1

[Event "Scarborough CC-ch reserves op"]
[Site "Toronto CAN"]
[Date "2009.04.23"]
[Round "9"]
[White "Rutherdale, William"]
[Black "Bellomo, Joe"]
[Result "1-0"]
[WhiteElo "1752"]
[BlackElo "1844"]
[PlyCount "107"]
[GameId "2160767910260590"]
[EventDate "2009.02.26"]
[EventType "swiss"]
[EventRounds "9"]
[EventCountry "CAN"]
[SourceTitle "EXT 2011"]
[Source "ChessBase"]
[SourceDate "2011.11.26"]
[SourceVersion "1"]
[SourceVersionDate "2011.11.26"]
[SourceQuality "1"]

1. d4 Nf6 2. c4 e6 3. Nc3 b6 4. Nf3 Bb7 5. e3 d5 6. cxd5 exd5 7. Bd3 Be7 8. Qc2 O-O 9. O-O Nbd7 10. Bd2 c5 11. Rfd1 cxd4 12. Nxd4 Rc8 13. Rac1 Nc5 14. Bf5 Ncd7 15. Be1 g6 16. Bh3 Qe8 17. g3 Bd6 18. Qe2 Bb8 19. Qf1 Qe5 20. Nce2 Rxc1 21. Nxc1 Nc5 22. Nd3 Nxd3 23. Qxd3 Qh5 24. Bg2 Ng4 25. h3 Ne5 26. Qe2 Qh6 27. Bc3 Re8 28. Nf3 Nc4 29. Rd4 Ne5 30. Nxe5 Rxe5 31. Rh4 Rh5 32. Rxh5 gxh5 33. Qd3 Qe6 34. Qd4 f6 35. Qxf6 Qxf6 36. Bxf6 Kf7 37. Bd4 Bd6 38. Kf1 Bb4 39. Ke2 Ba6+ 40. Kd1 Bc8 41. a3 Bd6 42. Bxd5+ Ke7 43. h4 Bg4+ 44. Kd2 Kf8 45. Kd3 Bh3 46. e4 Bf1+ 47. Ke3 Bh3 48. f4 Bc8 49. e5 Bb8 50. Be4 h6 51. f5 Bc7 52. Kf4 Bd7 53. f6 Kf7 54. Bf3 1-0

[Event "Scarborough CC-ch reserves op"]
[Site "Toronto CAN"]
[Date "2009.04.23"]
[Round "9"]
[White "Sherman, Joshua"]
[Black "Moran-Venegas, Mario"]
[Result "1-0"]
[WhiteElo "1870"]
[BlackElo "1712"]
[PlyCount "65"]
[GameId "2160767910260591"]
[EventDate "2009.02.26"]
[EventType "swiss"]
[EventRounds "9"]
[EventCountry "CAN"]
[SourceTitle "EXT 2011"]
[Source "ChessBase"]
[SourceDate "2011.11.26"]
[SourceVersion "1"]
[SourceVersionDate "2011.11.26"]
[SourceQuality "1"]

1. e4 c5 2. Nf3 d6 3. d4 cxd4 4. Nxd4 Nf6 5. Nc3 a6 6. Bg5 e6 7. f4 Be7 8. Qf3 Qc7 9. O-O-O b5 10. Bd3 Bb7 11. Rhe1 Nbd7 12. Qg3 Nc5 13. e5 Nxd3+ 14. Rxd3 dxe5 15. fxe5 Nh5 16. Qh4 Bxg5+ 17. Qxg5 g6 18. Ndxb5 axb5 19. Nxb5 Qe7 20. Nd6+ Kf8 21. Qh6+ Kg8 22. Rf1 Rf8 23. Qxh5 Ba6 24. c4 f5 25. Qh6 Qc7 26. Rc3 Ra8 27. g4 Qa5 28. gxf5 exf5 29. Rxf5 Qxc3+ 30. bxc3 gxf5 31. Qe6+ Kg7 32. Qf6+ Kg8 33. Qf7# 1-0

[Event "Scarborough CC-ch reserves op"]
[Site "Toronto CAN"]
[Date "2009.04.23"]
[Round "9"]
[White "Teram, Eli"]
[Black "Radpey, Abdolreza"]
[Result "0-1"]
[WhiteElo "1494"]
[BlackElo "1609"]
[PlyCount "72"]
[GameId "2160767910260592"]
[EventDate "2009.02.26"]
[EventType "swiss"]
[EventRounds "9"]
[EventCountry "CAN"]
[SourceTitle "EXT 2011"]
[Source "ChessBase"]
[SourceDate "2011.11.26"]
[SourceVersion "1"]
[SourceVersionDate "2011.11.26"]
[SourceQuality "1"]

1. e4 c5 2. Nf3 Nc6 3. Nc3 e6 4. Bb5 Nd4 5. Nxd4 cxd4 6. Ne2 a6 7. Ba4 b5 8. Bb3 Bc5 9. e5 Bb7 10. Nf4 Qg5 11. Nd3 Qxg2 12. Rf1 Bf3 13. Qxf3 Qxf3 14. Nxc5 Ne7 15. d3 Ng6 16. Rg1 a5 17. c3 dxc3 18. bxc3 Nxe5 19. Bc2 Ng4 20. Ne4 f5 21. Rg3 Qh1+ 22. Ke2 Nxh2 23. Bb2 Qxa1 24. Bxa1 fxe4 25. dxe4 O-O 26. c4 Rf7 27. cxb5 Rc8 28. Bb3 Rc5 29. b6 d5 30. exd5 exd5 31. Bd4 Re7+ 32. Kd3 Rb5 33. Kc3 Nf1 34. Rf3 g6 35. a4 Rxb3+ 36. Kxb3 Nd2+ 0-1

[Event "Schleinich mem"]
[Site "Calgary CAN"]
[Date "2009.01.02"]
[Round "1"]
[White "Harris, Adam"]
[Black "Milne, Arthur"]
[Result "0-1"]
[WhiteElo "1905"]
[BlackElo "1883"]
[PlyCount "44"]
[GameId "2160767910281778"]
[EventDate "2009.01.02"]
[EventType "tourn"]
[EventRounds "5"]
[EventCountry "CAN"]
[SourceTitle "EXT 2011"]
[Source "ChessBase"]
[SourceDate "2011.11.26"]
[SourceVersion "1"]
[SourceVersionDate "2011.11.26"]
[SourceQuality "1"]

1. e4 Nc6 2. Nf3 d6 3. Nc3 Bg4 4. Be2 e6 5. O-O Nf6 6. d4 Be7 7. Be3 d5 8. e5 Nd7 9. Nd2 Bxe2 10. Nxe2 O-O 11. f4 f6 12. Nf3 fxe5 13. fxe5 Nb6 14. b3 Qd7 15. Qe1 Nb4 16. Qd2 Rac8 17. c3 Na6 18. Qe1 c5 19. Qg3 cxd4 20. cxd4 Kh8 21. Qg4 Nb4 22. Bg5 Nc6 0-1

[Event "Schleinich mem"]
[Site "Calgary CAN"]
[Date "2009.01.02"]
[Round "1"]
[White "Lazo, Jan Edmund"]
[Black "Pua, Richard"]
[Result "1/2-1/2"]
[WhiteElo "2053"]
[BlackElo "1981"]
[PlyCount "92"]
[GameId "2160767910281779"]
[EventDate "2009.01.02"]
[EventType "tourn"]
[EventRounds "5"]
[EventCountry "CAN"]
[SourceTitle "EXT 2011"]
[Source "ChessBase"]
[SourceDate "2011.11.26"]
[SourceVersion "1"]
[SourceVersionDate "2011.11.26"]
[SourceQuality "1"]

1. Nf3 Nf6 2. g3 b6 3. Bg2 Bb7 4. d3 d5 5. Nbd2 Nbd7 6. O-O e5 7. Re1 Bc5 8. e4 O-O 9. exd5 Bxd5 10. Nxe5 Nxe5 11. Rxe5 Bxg2 12. Kxg2 Bxf2 13. Qf3 Bd4 14. Re2 Qd5 15. c3 Qxf3+ 16. Nxf3 Bc5 17. d4 Bd6 18. Bg5 Rfe8 19. Rae1 Rxe2+ 20. Rxe2 Re8 21. Rxe8+ Nxe8 22. Nd2 f6 23. Be3 c6 24. Ne4 Kf7 25. Kf3 Bc7 26. c4 Nd6 27. Bf4 Nxe4 28. Kxe4 Bxf4 29. Kxf4 Ke6 30. g4 a5 31. a4 g6 32. h3 Kd6 33. Ke4 Ke6 34. h4 Kd6 35. h5 Ke6 36. c5 bxc5 37. dxc5 Kd7 38. Kd4 Kc7 39. Kc4 Kb7 40. Kc3 Kc7 41. Kc4 Kb7 42. Kb3 Kc7 43. Kc4 Kb7 44. Kd4 Kc7 45. Ke4 Kd7 46. h6 Ke6 1/2-1/2

[Event "Schleinich mem"]
[Site "Calgary CAN"]
[Date "2009.01.02"]
[Round "1"]
[White "Tam, Eric"]
[Black "Haessel, Dale"]
[Result "1-0"]
[WhiteElo "1993"]
[BlackElo "2274"]
[PlyCount "79"]
[GameId "2160767910281780"]
[EventDate "2009.01.02"]
[EventType "tourn"]
[EventRounds "5"]
[EventCountry "CAN"]
[SourceTitle "EXT 2011"]
[Source "ChessBase"]
[SourceDate "2011.11.26"]
[SourceVersion "1"]
[SourceVersionDate "2011.11.26"]
[SourceQuality "1"]

1. d4 Nf6 2. Nf3 g6 3. c4 Bg7 4. Nc3 d5 5. Bg5 Ne4 6. Bh4 Nxc3 7. bxc3 c5 8. cxd5 Qxd5 9. e3 cxd4 10. cxd4 Nc6 11. Be2 O-O 12. O-O Bf5 13. Nd2 e5 14. Bc4 Qd6 15. d5 Na5 16. e4 Nxc4 17. Nxc4 Qb4 18. exf5 Qxc4 19. Be7 Rfd8 20. Bxd8 Rxd8 21. Qb3 Qxd5 22. Rad1 Qa5 23. Rxd8+ Qxd8 24. Qxb7 Qd4 25. Qa8+ Bf8 26. f6 h5 27. h3 e4 28. Re1 Qxf6 29. Qxa7 Qc6 30. Qe3 f5 31. Rb1 Bd6 32. Qb3+ Kf8 33. Qb7 Qc2 34. Qa8+ Kg7 35. Rb7+ Bc7 36. Qa6 Kh6 37. Qf1 Qc5 38. Qe1 g5 39. Qa1 h4 40. Qf6+ 1-0